000 01000cam a2200301 i 4500
999 _c504
_d504
001 20822538
003 GZU
005 20200902144956.0
008 190125s2017 rh a b 000 0 eng
010 _a 2018339625
020 _a9780797479371
040 _aDLC
_beng
_cDLC
_erda
042 _alcode
_apcc
043 _af-rh---
050 0 0 _aCC75 KRI
_bN933 2017
100 1 _aKritzinger, Ann,
_eauthor.
245 1 0 _aGold mining landscapes of Nyanga :
_bdiscovering Zimbabwe's hidden heritage /
_cAnn Kritzinger.
264 1 _aJuliasdale, Zimbabwe :
_bTime Horizons,
_c2017.
300 _a48 pages :
_billustrations ;
_c21 cm
336 _atext
_btxt
_2rdacontent
337 _aunmediated
_bn
_2rdamedia
338 _avolume
_bnc
_2rdacarrier
504 _aIncludes bibliographical references.
650 0 _aGold mines and mining
_zZimbabwe
_zNyanga.
906 _a7
_bcbc
_corigode
_d3
_encip
_f20
_gy-gencatlg
942 _2lcc
_cBK
_h75
_iKRI
_kCC
_m2017